000 00279pab a2200121 454500
008 180718b xxu||||| |||| 00| 0 eng d
100 _aMukhi, M.D.
245 _aJapanese style of management
650 _a Japan
650 _aManagement
773 _aEconomic Times
909 _a22705
999 _c22705
_d22705